|
|
|
|
| LEADER |
00729naa a2200181 i 4500 |
| 001 |
acta61310 |
| 005 |
20260224081030.0 |
| 008 |
190912s2016 hu o 100 hun d |
| 040 |
|
|
|a SZTE Egyetemi Kiadványok Repozitórium
|b hun
|
| 041 |
|
|
|a hun
|
| 100 |
1 |
|
|a Szilágyi Éva
|
| 245 |
1 |
3 |
|a Az SPSI-R hosszú változatának bemérése fogvatartottak körében
|h [elektronikus dokumentum] /
|c Szilágyi Éva
|
| 260 |
|
|
|c 2016
|
| 300 |
|
|
|a 46
|
| 490 |
0 |
|
|a Pedagógiai Értékelési Konferencia
|v 14
|
| 695 |
|
|
|a Problémamegoldás - előadáskivonat, Szocializáció - előadáskivonat
|
| 710 |
|
|
|a Pedagógiai Értékelési Konferencia (14.) (2016) (Szeged)
|
| 856 |
4 |
0 |
|u http://acta.bibl.u-szeged.hu/61310/1/pek_2016_046.pdf
|z Dokumentum-elérés
|